[Event "Rated Blitz game"]
[Site "?"]
[Date "2021.03.04"]
[Round "?"]
[White "eduardo_tunguia"]
[Black "GrandeGila"]
[Result "0-1"]
[WhiteElo "2291"]
[BlackElo "2432"]
[PlyCount "116"]
[EventDate "2021.??.??"]
[EventType "blitz"]

1. e4 e5 2. Nf3 d5 3. d3 dxe4 4. dxe4 Qxd1+ 5. Kxd1 Bg4 6. Be2 Nc6 7. c3 O-O-O+
8. Kc2 f5 9. Nbd2 fxe4 10. Nxe4 Bf5 11. Bd3 Nf6 12. Re1 Rxd3 13. Kxd3 Nxe4 14.
Rxe4 Bc5 15. Bg5 h6 16. Be3 Bxe3 17. Kxe3 Bxe4 18. Kxe4 Rf8 19. Rd1 Rf4+ 20.
Ke3 g5 21. Rd5 Ra4 22. a3 Ne7 23. Rxe5 Kd7 24. Nd4 Kd6 25. Re6+ Kd7 26. Re5 Kd6
27. Rb5 c5 28. Nf3 b6 29. Nd2 Kc6 30. c4 Nf5+ 31. Kd3 Nd4 32. Nb1 Nxb5 33.
cxb5+ Kd6 34. Nc3 Rd4+ 35. Ke3 Ke5 36. g3 h5 37. f3 Rc4 38. Kd3 Rd4+ 39. Ke3
Kf5 40. h3 h4 41. g4+ Ke5 42. b3 c4 43. bxc4 Rxc4 44. Kd3 Rxc3+ 45. Kxc3 Kf4
46. Kd4 Kxf3 47. Kd5 Kg3 48. Kc6 Kxh3 49. Kb7 Kxg4 50. Kxa7 h3 51. Kxb6 h2 52.
a4 h1=Q 53. a5 Kf5 54. a6 g4 55. a7 g3 56. Ka6 Qa8 57. b6 Qc6 58. Ka5 g2 {
Normal} 0-1

[Event "Rated Blitz game"]
[Site "?"]
[Date "2021.03.04"]
[Round "?"]
[White "vitezizgorobilja"]
[Black "AlistairC"]
[Result "1-0"]
[WhiteElo "2402"]
[BlackElo "2227"]
[PlyCount "67"]
[EventDate "2021.??.??"]
[EventType "blitz"]

1. e4 e5 2. Nf3 d5 3. d4 dxe4 4. Nxe5 Bd6 5. Bc4 Bxe5 6. dxe5 Qxd1+ 7. Kxd1
Bg4+ 8. Be2 Bxe2+ 9. Kxe2 Nc6 10. Bf4 Nge7 11. Nd2 O-O-O 12. c3 Ng6 13. Bg3 h5
14. h3 h4 15. Bh2 Ncxe5 16. Bxe5 Nxe5 17. Nxe4 Rhe8 18. Rad1 Nc4 19. Rxd8+ Kxd8
20. Rd1+ Nd6 21. Kf3 Re6 22. Nxd6 cxd6 23. Rd4 g5 24. Rb4 Kc7 25. Kg4 f6 26. f4
Re2 27. Kf3 Rd2 28. a4 b6 29. Rc4+ Kd7 30. b4 d5 31. Rd4 Rxd4 32. cxd4 Ke6 33.
Kg4 gxf4 34. Kxf4 {Normal} 1-0

[Event "Rated Blitz game"]
[Site "?"]
[Date "2021.03.04"]
[Round "?"]
[White "ElAdversario"]
[Black "Jenlen3001"]
[Result "0-1"]
[WhiteElo "2552"]
[BlackElo "2553"]
[PlyCount "58"]
[EventDate "2021.??.??"]
[EventType "blitz"]

1. e4 e5 2. Nf3 d5 3. exd5 e4 4. Qe2 Nf6 5. Nc3 Be7 6. Nxe4 O-O 7. Ng3 Re8 8.
Qd1 Qxd5 9. Be2 h5 10. O-O Bd6 11. d4 Bg4 12. c4 Qe6 13. d5 Qe7 14. Be3 Nbd7
15. Re1 g6 16. a3 a5 17. Nd4 Nc5 18. Bg5 Qe5 19. Bxf6 Qxf6 20. Bxg4 Rxe1+ 21.
Qxe1 Qxd4 22. Be2 Qxb2 23. Nf1 Re8 24. Ne3 Qe5 25. g3 Ne4 26. Rc1 Bc5 27. Nd1
Nxf2 28. Nxf2 Qxe2 29. Qxe2 Rxe2 {Normal} 0-1

[Event "Rated Blitz game"]
[Site "?"]
[Date "2021.03.04"]
[Round "?"]
[White "Mad_Ratel"]
[Black "pasha1984"]
[Result "0-1"]
[WhiteElo "2548"]
[BlackElo "2416"]
[PlyCount "46"]
[EventDate "2021.??.??"]
[EventType "blitz"]

1. e4 e5 2. Nf3 d5 3. exd5 e4 4. Qe2 Nf6 5. Nc3 Be7 6. Nxe4 Nxd5 7. d4 O-O 8.
Qd3 Re8 9. Be2 Bf5 10. Nf6+ Bxf6 11. Qxf5 Nc6 12. c3 Qe7 13. O-O Nxc3 14. Bc4
Ne2+ 15. Kh1 Nexd4 16. Nxd4 Nxd4 17. Qd5 c6 18. Qa5 b6 19. Qa6 Nc2 20. Rb1 Nb4
21. Qa3 Qe4 22. Qxb4 Qxb1 23. Bg5 Qg6 {Normal} 0-1

[Event "Rated Blitz tournament CEZFt6K3"]
[Site "?"]
[Date "2021.03.04"]
[Round "?"]
[White "toni_1995"]
[Black "ayvalik10"]
[Result "0-1"]
[WhiteElo "2424"]
[BlackElo "2337"]
[PlyCount "54"]
[EventDate "2021.??.??"]
[EventType "blitz"]

1. e4 e5 2. Nf3 d5 3. exd5 e4 4. Qe2 Nf6 5. Nc3 Be7 6. Nxe4 O-O 7. Nxf6+ Bxf6
8. Qd1 Qxd5 9. Be2 c5 10. O-O Nc6 11. d3 b6 12. c3 Bb7 13. Be3 Rfe8 14. Qb3 Qf5
15. Rfe1 Rad8 16. Rad1 h5 17. h3 g6 18. Qc2 Ne5 19. Nxe5 Bxe5 20. Qd2 Bb8 21.
d4 Qd7 22. d5 Qxd5 23. Qxd5 Rxd5 24. Rxd5 Bxd5 25. c4 Bc6 26. Rd1 f5 27. Rd6
Bxd6 {Normal} 0-1

[Event "Rated Blitz tournament CEZFt6K3"]
[Site "?"]
[Date "2021.03.04"]
[Round "?"]
[White "lareinedesneiges"]
[Black "ayvalik10"]
[Result "1-0"]
[WhiteElo "2486"]
[BlackElo "2369"]
[PlyCount "107"]
[EventDate "2021.??.??"]
[EventType "blitz"]

1. e4 e5 2. Nf3 d5 3. d4 dxe4 4. Nxe5 Nf6 5. Nc3 Bd6 6. Bf4 O-O 7. Bc4 Nc6 8.
Nxc6 bxc6 9. Be3 Rb8 10. Rb1 Nd5 11. Nxd5 cxd5 12. Bb3 c6 13. O-O f5 14. f4 Be6
15. Qe2 Qe7 16. c4 a5 17. cxd5 cxd5 18. Qa6 Ra8 19. Qb5 Rfb8 20. Qc6 Rc8 21.
Qb5 Rcb8 22. Qe2 a4 23. Bc2 Bd7 24. Rfc1 Bb5 25. Qd1 Rc8 26. a3 Qd7 27. Qd2 h6
28. Bd1 Kh7 29. Rxc8 Rxc8 30. Rc1 Rxc1 31. Qxc1 Qc7 32. Qxc7 Bxc7 33. Kf2 Bb6
34. Ke1 Kg6 35. Kd2 Kf6 36. b3 axb3 37. Bxb3 Bc6 38. a4 g5 39. g3 g4 40. Kc2
Ke6 41. Kb2 Kd7 42. Ka3 Kc7 43. Kb4 Kb7 44. a5 Ba7 45. Bd1 h5 46. Be2 Bb8 47.
Kc5 Kc7 48. a6 Ba7+ 49. Kb4 Kb6 50. Bc1 Bb8 51. Kb3 Bd6 52. Ba3 Bb8 53. Bc5+
Kc7 54. Kb4 {Normal} 1-0

[Event "Rated Blitz game"]
[Site "?"]
[Date "2021.03.04"]
[Round "?"]
[White "cheburashka15"]
[Black "Trompatzer"]
[Result "1-0"]
[WhiteElo "2535"]
[BlackElo "2409"]
[PlyCount "51"]
[EventDate "2021.??.??"]
[EventType "blitz"]

1. e4 e5 2. Nf3 d5 3. exd5 Bd6 4. d4 e4 5. Ne5 Nf6 6. c4 c5 7. dxc6 Nxc6 8.
Nxc6 bxc6 9. Be2 Rb8 10. Nc3 O-O 11. O-O Bf5 12. b3 Qc7 13. h3 Qd7 14. f4 Bxh3
15. gxh3 Qxh3 16. Qe1 Ng4 17. Bxg4 Qxg4+ 18. Kh2 f5 19. Qg3 Qh5+ 20. Kg1 Rf6
21. Qh2 Rg6+ 22. Kh1 Qg4 23. Nd1 Kf7 24. Ne3 Qg3 25. Qxg3 Rxg3 26. Nxf5 {
Time forfeit} 1-0

[Event "Rated Blitz game"]
[Site "?"]
[Date "2021.03.04"]
[Round "?"]
[White "gholamreza"]
[Black "pasha1984"]
[Result "0-1"]
[WhiteElo "2410"]
[BlackElo "2420"]
[PlyCount "94"]
[EventDate "2021.??.??"]
[EventType "blitz"]

1. e4 e5 2. Nf3 d5 3. d4 dxe4 4. Nxe5 Bd6 5. Nc4 Nc6 6. Nc3 Nf6 7. Bg5 Bb4 8.
a3 Bxc3+ 9. bxc3 h6 10. Bh4 O-O 11. Be2 Be6 12. O-O Bxc4 13. Bxc4 Qd6 14. Bg3
Qd7 15. Re1 Rfe8 16. Qb1 Na5 17. Bb5 c6 18. Bf1 b5 19. a4 a6 20. Qb4 Nb7 21.
axb5 cxb5 22. Be5 Nd5 23. Qb3 f6 24. Bg3 Kh7 25. c4 bxc4 26. Bxc4 Nc7 27. Qxb7
Qxd4 28. Qxc7 Rac8 29. Qb7 Qxc4 30. Qxa6 Qxa6 31. Rxa6 Rxc2 32. h4 h5 33. Ra7
Kg6 34. Bf4 Kf5 35. Be3 g5 36. hxg5 fxg5 37. Rf7+ Kg6 38. Ra7 Re6 39. Rb1 Re5
40. Rb6+ Kf5 41. Rf7+ Kg4 42. Rg7 Re2 43. Kh2 h4 44. Rbg6 Rxe3 45. fxe3 Rf5 46.
Rxg5+ Rxg5 47. Rxg5+ Kxg5 {Time forfeit} 0-1

[Event "Rated Blitz game"]
[Site "?"]
[Date "2021.03.04"]
[Round "?"]
[White "mariokar"]
[Black "KamranShirazi"]
[Result "0-1"]
[WhiteElo "2426"]
[BlackElo "2438"]
[PlyCount "124"]
[EventDate "2021.??.??"]
[EventType "blitz"]

1. e4 e5 2. Nf3 d5 3. Nc3 dxe4 4. Nxe4 f5 5. Ng3 e4 6. Ng1 Bc5 7. d3 Nf6 8. Be3
Bxe3 9. fxe3 exd3 10. Qxd3 Qxd3 11. Bxd3 g6 12. O-O-O Nc6 13. e4 f4 14. Rf1 O-O
15. Rxf4 Ne5 16. N1e2 Bg4 17. Rhf1 Kg7 18. h3 Be6 19. Nd4 Bg8 20. Be2 Rad8 21.
Nb3 b6 22. a3 c5 23. Nd2 Rd6 24. Nf3 Re8 25. Rd1 Rxd1+ 26. Kxd1 Nc6 27. h4 h5
28. Bd3 Ne5 29. Nxe5 Rxe5 30. c3 Bb3+ 31. Kd2 Be6 32. Be2 Bc8 33. Bd3 Bb7 34.
Rf1 Re7 35. Re1 Ng4 36. Re2 Ne5 37. Kc2 Ng4 38. Bc4 Nf6 39. e5 Ng4 40. e6 Kf6
41. Ne4+ Bxe4+ 42. Rxe4 Ne5 43. Rf4+ Kg7 44. Bd5 a5 45. b4 axb4 46. axb4 Kh7
47. b5 Kg7 48. c4 g5 49. hxg5 Kg6 50. Rf7 Nxf7 51. exf7 Kg7 52. g6 h4 53. Kd3
Re5 54. Be4 Rg5 55. Ke3 Rg4 56. Kf3 Rg3+ 57. Kf4 Rc3 58. Ke5 Rxc4 59. Bd5 Rg4
60. Ke6 Rxg6+ 61. Ke7 Rf6 62. Be6 Rf4 {Time forfeit} 0-1

[Event "Rated Blitz game"]
[Site "?"]
[Date "2021.03.04"]
[Round "?"]
[White "mrkica1964"]
[Black "Lorian2514"]
[Result "0-1"]
[WhiteElo "2376"]
[BlackElo "2419"]
[PlyCount "74"]
[EventDate "2021.??.??"]
[EventType "blitz"]

1. e4 e5 2. Nf3 d5 3. exd5 e4 4. Qe2 Qe7 5. Nd4 Qe5 6. Nf3 Qe7 7. Nd4 f5 8. d3
Nf6 9. dxe4 fxe4 10. Nc3 Bg4 11. Qb5+ Nbd7 12. h3 Bh5 13. Qxb7 Rb8 14. Qxa7 Qe5
15. Nc6 Qf5 16. Nxb8 Bc5 17. Qxc5 Nxc5 18. Be3 Nb7 19. Bb5+ Kf7 20. O-O Rxb8
21. Bc4 Nd6 22. Bb3 g5 23. Rae1 g4 24. h4 Kg7 25. Bd4 Rb4 26. Be3 h6 27. a3 Rb8
28. a4 Bf7 29. a5 Ra8 30. Ra1 Ra6 31. Rfd1 Kh7 32. Ne2 Nh5 33. Ng3 Qe5 34. Nxh5
Qxh5 35. c4 Nf5 36. g3 Nxe3 37. fxe3 Qe5 {Time forfeit} 0-1

[Event "Rated Blitz game"]
[Site "?"]
[Date "2021.03.04"]
[Round "?"]
[White "leopslr"]
[Black "pasha1984"]
[Result "1-0"]
[WhiteElo "2484"]
[BlackElo "2412"]
[PlyCount "93"]
[EventDate "2021.??.??"]
[EventType "blitz"]

1. e4 e5 2. Nf3 d5 3. d3 dxe4 4. dxe4 Qxd1+ 5. Kxd1 Nc6 6. c3 Bg4 7. Kc2 f5 8.
Bb5 Bxf3 9. gxf3 Nge7 10. Na3 O-O-O 11. Bc4 f4 12. Be6+ Kb8 13. Nc4 Ng6 14. b4
b5 15. Nb2 Be7 16. Bd5 Kb7 17. a4 a6 18. axb5 axb5 19. Nd3 Kb6 20. Bb2 Ra8 21.
Kb3 Bf6 22. Nc5 Rhd8 23. Nd7+ Kb7 24. Rxa8 Rxa8 25. c4 Nge7 26. cxb5 Nxd5 27.
Nc5+ Kb6 28. bxc6 Ne7 29. Rc1 Nxc6 30. Nd7+ Kb7 31. Rc5 Rd8 32. Nxe5 Nxe5 33.
Bxe5 Bxe5 34. Rxe5 Rd3+ 35. Kc4 Rxf3 36. Re7 Rxf2 37. Rxg7 f3 38. h4 Rh2 39.
Rxh7 f2 40. Rf7 Rxh4 41. Kd5 Rh2 42. e5 Kb6 43. e6 Rh5+ 44. Ke4 Rh4+ 45. Ke3
Rxb4 46. e7 Rb1 47. Kxf2 {Time forfeit} 1-0

[Event "Rated Blitz game"]
[Site "?"]
[Date "2021.03.04"]
[Round "?"]
[White "hicus"]
[Black "annaly1979"]
[Result "0-1"]
[WhiteElo "2417"]
[BlackElo "2403"]
[PlyCount "48"]
[EventDate "2021.??.??"]
[EventType "blitz"]

1. e4 e5 2. Nf3 d5 3. exd5 e4 4. Qe2 f5 5. d3 Nf6 6. Bg5 Be7 7. dxe4 fxe4 8.
Bxf6 Bxf6 9. Qxe4+ Kf7 10. Qb4 Re8+ 11. Be2 a5 12. Qb3 a4 13. Qa3 Kg8 14. Nc3
Bf5 15. O-O Bxc3 16. Qxc3 Rxe2 17. Rfe1 Rxe1+ 18. Rxe1 Nd7 19. Nd4 Bg6 20. Ne6
Qe7 21. Qxc7 Re8 22. Re3 b5 23. c3 Nf6 24. Nd4 Qxc7 {Normal} 0-1

[Event "Rated Blitz game"]
[Site "?"]
[Date "2021.03.04"]
[Round "?"]
[White "Mohammadzin"]
[Black "Woodtree"]
[Result "0-1"]
[WhiteElo "2372"]
[BlackElo "2494"]
[PlyCount "44"]
[EventDate "2021.??.??"]
[EventType "blitz"]

1. e4 e5 2. Nf3 d5 3. Nxe5 Bd6 4. d4 dxe4 5. Nc4 Nf6 6. Nxd6+ Qxd6 7. Na3 O-O
8. Nc4 Qe6 9. Bf4 Nd5 10. Bg3 f5 11. Be5 f4 12. Qe2 b5 13. Nd2 e3 14. Ne4 Nc6
15. Qxb5 Rb8 16. Qc4 Nxe5 17. dxe5 Rb4 18. Qd3 exf2+ 19. Kxf2 Qxe5 20. Re1 Bf5
21. c4 Rxb2+ 22. Kg1 Ne3 {Normal} 0-1

[Event "Rated Blitz game"]
[Site "?"]
[Date "2021.03.04"]
[Round "?"]
[White "Ivan_Gerasimov"]
[Black "Lorian2514"]
[Result "0-1"]
[WhiteElo "2379"]
[BlackElo "2427"]
[PlyCount "102"]
[EventDate "2021.??.??"]
[EventType "blitz"]

1. e4 e5 2. Nf3 d5 3. Nxe5 Bd6 4. d4 dxe4 5. Bc4 Bxe5 6. dxe5 Qxd1+ 7. Kxd1 Nc6
8. Bf4 Nge7 9. e6 Bxe6 10. Bxe6 fxe6 11. Nc3 O-O-O+ 12. Kc1 Nd5 13. Bg3 Nxc3
14. bxc3 e3 15. fxe3 Rhf8 16. Kb2 Rd2 17. Rhf1 Rf5 18. e4 Rb5+ 19. Kc1 Rd7 20.
Rb1 Ra5 21. Rf8+ Nd8 22. Bh4 b6 23. Rb4 g5 24. Bg3 Rxa2 25. Rd4 Ra1+ 26. Kd2
Rg1 27. Rxd7 Kxd7 28. Rg8 Rxg2+ 29. Kd3 c5 30. Rxg5 Kc6 31. Rg7 Nb7 32. c4 Nd6
33. Rxh7 Rg1 34. Bxd6 Kxd6 35. Rxa7 Rg2 36. h4 Rh2 37. Rh7 Rh3+ 38. Kd2 Ke5 39.
h5 Kd4 40. Rb7 Rh2+ 41. Kd1 Rxh5 42. Rxb6 e5 43. Rc6 Kxc4 44. Rd6 Rh4 45. Kd2
Rxe4 46. Rd8 Rd4+ 47. Rxd4+ cxd4 48. Kc1 Kc3 49. Kd1 e4 50. Kc1 e3 51. Kd1 Kb2
{Normal} 0-1

[Event "Rated Blitz game"]
[Site "?"]
[Date "2021.03.04"]
[Round "?"]
[White "gpkal"]
[Black "pasha1984"]
[Result "0-1"]
[WhiteElo "2446"]
[BlackElo "2422"]
[PlyCount "140"]
[EventDate "2021.??.??"]
[EventType "blitz"]

1. e4 e5 2. Nf3 d5 3. exd5 e4 4. Qe2 Nf6 5. d3 Qxd5 6. Nc3 Bb4 7. Bd2 Bxc3 8.
Bxc3 O-O 9. dxe4 Nxe4 10. Bd4 Nc6 11. Qc4 Qxc4 12. Bxc4 Nxd4 13. Nxd4 Re8 14.
O-O Bd7 15. Rfe1 c5 16. Nf3 Bc6 17. Rad1 Kf8 18. Kf1 b5 19. Bd5 Bxd5 20. Rxd5
Rac8 21. Ne5 f5 22. Nd7+ Kf7 23. Rxf5+ Ke6 24. Re5+ Kxd7 25. R5xe4 Rxe4 26.
Rxe4 Kd6 27. Ke2 Rc7 28. Ke3 Kd5 29. f4 a5 30. Re5+ Kd6 31. Ke4 a4 32. g4 b4
33. Rd5+ Kc6 34. f5 Re7+ 35. Re5 Rd7 36. Re6+ Kb5 37. Ke3 Kc4 38. g5 a3 39.
bxa3 bxa3 40. Rc6 Kb5 41. Rc8 Rd5 42. Ke4 Rd4+ 43. Ke5 Rd2 44. f6 gxf6+ 45.
gxf6 Re2+ 46. Kd6 Rd2+ 47. Ke6 Re2+ 48. Kf5 Rf2+ 49. Kg5 Rg2+ 50. Kh6 Rxh2+ 51.
Kg7 Rg2+ 52. Kxh7 Rh2+ 53. Kg7 Rg2+ 54. Kf8 Rxc2 55. f7 Re2 56. Ra8 Kb4 57. Ra6
c4 58. Kg7 Rf2 59. Rf6 Rg2+ 60. Kh6 Rh2+ 61. Kg5 Rg2+ 62. Kh4 Rh2+ 63. Kg3 Rh8
64. f8=Q+ Rxf8 65. Rxf8 Kc3 66. Rf2 Kd3 67. Rf3+ Kd2 68. Rxa3 c3 69. Ra8 c2 70.
Rc8 Kd3 {Time forfeit} 0-1

[Event "Rated Blitz game"]
[Site "?"]
[Date "2021.03.04"]
[Round "?"]
[White "Lightlike"]
[Black "annaly1979"]
[Result "1-0"]
[WhiteElo "2544"]
[BlackElo "2412"]
[PlyCount "97"]
[EventDate "2021.??.??"]
[EventType "blitz"]

1. e4 e5 2. Nf3 d5 3. Nxe5 Qe7 4. d4 f6 5. Nd3 Nc6 6. Be3 dxe4 7. Nf4 f5 8. Bc4
Nf6 9. Nc3 a6 10. Ncd5 Qd8 11. Nxf6+ Qxf6 12. Nd5 Qd8 13. Qh5+ g6 14. Qg5 Qxg5
15. Bxg5 Bd6 16. O-O-O b5 17. Bb3 Na5 18. Nf6+ Kf8 19. Bh6+ Ke7 20. Nd5+ Kd8
21. Bg5+ Ke8 22. f3 Nxb3+ 23. axb3 Bb7 24. fxe4 Bxd5 25. exd5 Kd7 26. c4 bxc4
27. bxc4 Bb4 28. Bd2 a5 29. Rhe1 Bd6 30. h3 Rhe8 31. c5 Bg3 32. Rxe8 Rxe8 33.
Bxa5 Re2 34. Rd2 Bf4 35. Kd1 Bxd2 36. Kxe2 Bxa5 37. Kd3 c6 38. dxc6+ Kxc6 39.
Kc4 f4 40. b4 Bc7 41. b5+ Kd7 42. d5 g5 43. d6 Bxd6 44. cxd6 Kxd6 45. Kd4 h5
46. Ke4 Ke6 47. b6 Kd6 48. Kf5 g4 49. hxg4 {Normal} 1-0

[Event "Rated Blitz game"]
[Site "?"]
[Date "2021.03.04"]
[Round "?"]
[White "ProChessor_YouTube"]
[Black "pasha1984"]
[Result "0-1"]
[WhiteElo "2405"]
[BlackElo "2425"]
[PlyCount "148"]
[EventDate "2021.??.??"]
[EventType "blitz"]

1. e4 e5 2. Nf3 d5 3. d3 dxe4 4. dxe4 Qxd1+ 5. Kxd1 Bg4 6. Be2 Nc6 7. c3 O-O-O+
8. Kc2 f5 9. Nbd2 Nf6 10. h3 Bxf3 11. Bxf3 Bc5 12. exf5 Bxf2 13. Rf1 Be3 14.
Ne4 Bxc1 15. Raxc1 Ne7 16. g4 Nxe4 17. Bxe4 h6 18. Rcd1 Rhe8 19. Rxd8+ Rxd8 20.
h4 Nd5 21. Bxd5 Rxd5 22. g5 hxg5 23. hxg5 Kd7 24. Rh1 e4 25. Rh7 Rxf5 26. Rxg7+
Kd6 27. Kd2 Rf2+ 28. Ke3 Rxb2 29. Kxe4 Rxa2 30. g6 Rg2 31. Kf3 Rg1 32. Rg8 a5
33. g7 Kc6 34. Kf2 Rg5 35. Ke3 b5 36. Kd3 Kc5 37. Kc2 Rg2+ 38. Kb3 a4+ 39. Ka3
Rg3 40. Kb2 c6 41. Ka2 Rg6 42. Kb2 Kc4 43. Rc8 Rg2+ 44. Ka3 Rxg7 45. Rxc6+ Kd5
46. Rc8 Rg4 47. Rc7 Rc4 48. Rd7+ Ke4 49. Re7+ Kd3 50. Re5 Rxc3+ 51. Kb4 Rb3+
52. Ka5 a3 53. Rh5 a2 54. Rh3+ Kc2 55. Rh2+ Kc3 56. Rh3+ Kb2 57. Rh2+ Ka3 58.
Rh1 Rb1 59. Rh3+ Kb2 60. Rh2+ Kb3 61. Rh3+ Kc4 62. Rh4+ Kd3 63. Rh3+ Ke4 64.
Ra3 a1=Q 65. Rxa1 Rxa1+ 66. Kxb5 Rc1 67. Kb4 Kd4 68. Kb3 Kd3 69. Kb2 Rd1 70.
Kb3 Rb1+ 71. Ka2 Rb7 72. Ka3 Kc4 73. Ka2 Kc3 74. Ka1 Kc2 {Time forfeit} 0-1

[Event "Rated Blitz game"]
[Site "?"]
[Date "2021.03.04"]
[Round "?"]
[White "Mikozovna"]
[Black "pasha1984"]
[Result "1/2-1/2"]
[WhiteElo "2420"]
[BlackElo "2406"]
[PlyCount "104"]
[EventDate "2021.??.??"]
[EventType "blitz"]

1. e4 e5 2. Nf3 d5 3. exd5 e4 4. Ng1 Nf6 5. d3 Qxd5 6. dxe4 Qxd1+ 7. Kxd1 Nxe4
8. Ke1 Bc5 9. Be3 Bxe3 10. fxe3 Nc6 11. Bd3 Nc5 12. Ke2 Bg4+ 13. Nf3 Ne5 14.
Nc3 O-O-O 15. Rad1 f6 16. h3 Bh5 17. g4 Nxf3 18. Kxf3 Bf7 19. Rhe1 h5 20. Kg3
a6 21. Bf5+ Be6 22. Nd5 c6 23. Ne7+ Kc7 24. b4 Bxf5 25. Nxf5 Ne6 26. e4 g6 27.
Nh4 g5 28. Nf5 Nf4 29. h4 hxg4 30. hxg5 fxg5 31. Rxd8 Kxd8 32. Kxg4 Ne6 33.
Rd1+ Kc7 34. Rd6 Nf4 35. Rf6 Ne2 36. Kxg5 Nc3 37. Rf7+ Kb6 38. Nd6 a5 39. bxa5+
Ka6 40. e5 Rg8+ 41. Kf5 Nxa2 42. e6 Nb4 43. e7 Nd5 44. e8=Q Rxe8 45. Nxe8 Ne3+
46. Ke4 Nd5 47. Nc7+ Kxa5 48. Nxd5 cxd5+ 49. Kxd5 b5 50. c3 Ka4 51. Kc5 Kb3 52.
Kxb5 Kxc3 {Time forfeit} 1/2-1/2

[Event "Rated Rapid game"]
[Site "?"]
[Date "2021.03.03"]
[Round "?"]
[White "VLADUSHA"]
[Black "Canadian_eh44"]
[Result "1-0"]
[WhiteElo "2581"]
[BlackElo "2233"]
[PlyCount "53"]
[EventDate "2021.??.??"]
[EventType "rapid"]

1. e4 e5 2. Nf3 d5 3. Nxe5 Bd6 4. d4 dxe4 5. Nc4 Nf6 6. Nc3 O-O 7. Bg5 Be7 8.
Qd2 Bg4 9. Ne5 Bh5 10. Bxf6 gxf6 11. Nc4 f5 12. Be2 Bg5 13. Qd1 Bxe2 14. Nxe2
Kh8 15. Ng3 Qf6 16. Ne5 c5 17. c3 Re8 18. Qh5 Re7 19. h4 Bf4 20. Qxf5 Bxe5 21.
dxe5 Qxe5 22. Qc8+ Re8 23. Qxb7 e3 24. O-O a5 25. Qxa8 exf2+ 26. Rxf2 Qxg3 27.
Qf3 {Normal} 1-0

[Event "Rated Blitz game"]
[Site "?"]
[Date "2021.03.03"]
[Round "?"]
[White "Meki1"]
[Black "annaly1979"]
[Result "1-0"]
[WhiteElo "2486"]
[BlackElo "2361"]
[PlyCount "93"]
[EventDate "2021.??.??"]
[EventType "blitz"]

1. e4 e5 2. Nf3 d5 3. exd5 e4 4. Ne5 Bd6 5. d4 Nf6 6. Nc3 h6 7. Bc4 O-O 8. O-O
Bf5 9. Bf4 Nbd7 10. h3 Re8 11. Nxd7 Bxf4 12. Nxf6+ Qxf6 13. Qe2 a6 14. a4 Qg6
15. Kh1 Bd6 16. Rae1 Re7 17. Rg1 Rae8 18. Qe3 h5 19. Ne2 h4 20. Nf4 Qh6 21. Ne2
Qxe3 22. fxe3 Bg6 23. Rgf1 Bh5 24. Nf4 Bg6 25. Nxg6 fxg6 26. c3 Kh7 27. Rd1 g5
28. Rf5 g6 29. Rxg5 Kh6 30. Rg4 g5 31. Rf1 Kg6 32. Be2 a5 33. Bd1 b6 34. Bc2
Bg3 35. Kg1 Bd6 36. Kf2 Bg3+ 37. Ke2 Bd6 38. b3 Bg3 39. c4 Bd6 40. Bb1 Kh6 41.
Rf5 Rg7 42. Bxe4 Bf4 43. Kd3 Rge7 44. Rf6+ Kg7 45. Rfxf4 Kh6 46. Rf3 Kh5 47.
Rf6 {Time forfeit} 1-0

[Event "Rated Blitz game"]
[Site "?"]
[Date "2021.03.03"]
[Round "?"]
[White "pinpinela"]
[Black "saranoz"]
[Result "1-0"]
[WhiteElo "2441"]
[BlackElo "2306"]
[PlyCount "117"]
[EventDate "2021.??.??"]
[EventType "blitz"]

1. e4 e5 2. Nf3 d5 3. Nxe5 Bd6 4. d4 dxe4 5. Nc3 Bxe5 6. dxe5 Qxd1+ 7. Nxd1 Nc6
8. Bb5 Nge7 9. Nc3 Bd7 10. Nxe4 O-O-O 11. Bd2 Nxe5 12. Bxd7+ Rxd7 13. O-O-O
Rhd8 14. Bc3 N7c6 15. Nc5 Rd5 16. Ne4 f6 17. f3 b5 18. a3 a5 19. b3 b4 20. axb4
axb4 21. Bb2 h6 22. Rxd5 Rxd5 23. Rd1 Rb5 24. Ng3 g6 25. Ne2 Rc5 26. Nf4 g5 27.
Nd3 Nxd3+ 28. Rxd3 Ne5 29. Rd4 Rb5 30. Kd2 c5 31. Rd5 Nd7 32. Rf5 Rb6 33. Kd3
Kc7 34. Kc4 Re6 35. Kd3 Rd6+ 36. Ke2 Re6+ 37. Kf2 Rd6 38. Kg3 h5 39. h4 Rd2 40.
Bxf6 gxh4+ 41. Bxh4 Rxc2 42. Rxh5 Rc3 43. Be7 Rxb3 44. Bxc5 Nxc5 45. Rxc5+ Kd6
46. Rc8 Rc3 47. Rb8 b3 48. Kg4 Kc7 49. Rb4 Kc6 50. f4 Kc5 51. Rb8 Kc4 52. f5
Kd3 53. f6 Rc7 54. Rxb3+ Kc4 55. Rb6 Kc5 56. Rb1 Rf7 57. Kf5 Kd5 58. Rd1+ Kc6
59. g4 {Normal} 1-0

[Event "Rated Blitz game"]
[Site "?"]
[Date "2021.03.03"]
[Round "?"]
[White "Dolphin_2010"]
[Black "Fantastic_power06"]
[Result "0-1"]
[WhiteElo "2503"]
[BlackElo "2649"]
[PlyCount "114"]
[EventDate "2021.??.??"]
[EventType "blitz"]

1. e4 e5 2. Nf3 d5 3. exd5 e4 4. Qe2 Nf6 5. d3 Qxd5 6. Nbd2 Nc6 7. dxe4 Qc5 8.
Qb5 Ng4 9. Qxc5 Bxc5 10. Bb5 Bxf2+ 11. Ke2 Bb6 12. Nc4 O-O 13. Nxb6 axb6 14.
Bxc6 bxc6 15. h3 Ba6+ 16. Ke1 Nf6 17. e5 Rfe8 18. Bf4 Nd5 19. Bg3 Ne3 20. Kf2
Nxc2 21. Rad1 Nb4 22. Rd7 Nd5 23. Rc1 Bc8 24. Rxd5 cxd5 25. Rxc7 Rxa2 26. Rc2
Bf5 27. Rd2 Be4 28. Nd4 Rc8 29. Ke3 h6 30. Rf2 Rc4 31. e6 fxe6 32. Nxe6 Rc8 33.
Kd4 Re8 34. Nc7 Ra4+ 35. Kc3 Rc4+ 36. Kb3 Bc2+ 37. Rxc2 Re3+ 38. Rc3 Rcxc3+ 39.
bxc3 Rxg3 40. Nxd5 b5 41. Nc7 Rxg2 42. Nxb5 Rh2 43. c4 Rxh3+ 44. Kb4 Rh1 45. c5
Rc1 46. Nc3 Re1 47. c6 h5 48. Kc5 h4 49. c7 Re8 50. Ne4 h3 51. Kd6 h2 52. Kd7
Rf8 53. Ng3 Kh7 54. Nh1 Rf7+ 55. Kd6 Rf6+ 56. Kd7 Rf7+ 57. Kc8 Rxc7+ {Time
forfeit} 0-1

[Event "Rated Blitz game"]
[Site "?"]
[Date "2021.03.03"]
[Round "?"]
[White "Prof-Church"]
[Black "KamranShirazi"]
[Result "0-1"]
[WhiteElo "2340"]
[BlackElo "2473"]
[PlyCount "44"]
[EventDate "2021.??.??"]
[EventType "blitz"]

1. e4 e5 2. Nf3 d5 3. exd5 e4 4. Nd4 Qxd5 5. Nb3 Bd6 6. Nc3 Qe5 7. d4 exd3+ 8.
Be3 dxc2 9. Qxc2 Bf5 10. Bd3 Bxd3 11. Qxd3 Nc6 12. O-O-O O-O-O 13. Kb1 Nb4 14.
Qe4 Nf6 15. Qxe5 Bxe5 16. Nb5 a6 17. Na3 b5 18. Bg5 Nd3 19. Rd2 Ne4 20. Bxd8
Nxd2+ 21. Nxd2 Rxd8 22. Re1 Nxe1 {Normal} 0-1

[Event "Rated Blitz game"]
[Site "?"]
[Date "2021.03.03"]
[Round "?"]
[White "aadimovski"]
[Black "Medion72"]
[Result "1-0"]
[WhiteElo "2348"]
[BlackElo "2401"]
[PlyCount "111"]
[EventDate "2021.??.??"]
[EventType "blitz"]

1. e4 e5 2. Nf3 d5 3. Nxe5 Bd6 4. d4 dxe4 5. Bf4 Nf6 6. Nc3 O-O 7. Nb5 Bf5 8.
Nxd6 cxd6 9. Nc4 d5 10. Nd6 Qb6 11. Nxf5 Qxb2 12. Be2 g6 13. Ne7+ Kg7 14. Be5
Qb4+ 15. Qd2 Qxe7 16. Rb1 Nc6 17. Bf4 Rfe8 18. h4 e3 19. Bxe3 Ne4 20. Qd3 Rac8
21. O-O Nb4 22. Qa3 Nxc2 23. Qxe7 Rxe7 24. Rfc1 Rec7 25. Bf4 Nc3 26. Bg4 f5 27.
Rxc2 Nxb1 28. Rxc7+ Rxc7 29. Bxc7 fxg4 30. Bb8 a6 31. Be5+ Kf7 32. Kf1 Nc3 33.
a3 Nb5 34. a4 Nc3 35. a5 Ke6 36. Ke1 Nb5 37. Kd2 Nd6 38. Kd3 Nc4 39. Bc7 Kd7
40. Bg3 Kc6 41. f3 Nxa5 42. fxg4 Nc4 43. Be1 b6 44. h5 a5 45. hxg6 hxg6 46. Kc2
b5 47. Kb3 a4+ 48. Kb4 Ne3 49. Bd2 Nxg2 50. Ka3 Nh4 51. Kb4 Nf3 52. Be3 Ne1 53.
Kc3 Ng2 54. Bd2 Nh4 55. Kb4 Nf3 56. Be3 {Time forfeit} 1-0

[Event "Rated Blitz game"]
[Site "?"]
[Date "2021.03.03"]
[Round "?"]
[White "JacobAagaard"]
[Black "KamranShirazi"]
[Result "1-0"]
[WhiteElo "2512"]
[BlackElo "2468"]
[PlyCount "99"]
[EventDate "2021.??.??"]
[EventType "blitz"]

1. e4 e5 2. Nf3 d5 3. Nxe5 Bd6 4. d4 dxe4 5. Nc4 Nc6 6. c3 Be7 7. Nbd2 f5 8.
Be2 Nf6 9. Bh5+ g6 10. Be2 h5 11. f3 Be6 12. Qc2 Qd7 13. fxe4 fxe4 14. Nxe4
Nxe4 15. Qxe4 O-O-O 16. Ne3 Bg5 17. d5 Bxe3 18. Qxe6 Qxe6 19. dxe6 Bxc1 20.
Rxc1 Rhe8 21. O-O Rxe6 22. Rf2 Ne5 23. Rcf1 c6 24. Bd1 Nd3 25. Rd2 Re1 26. Bc2
Rxf1+ 27. Kxf1 Rf8+ 28. Kg1 Ne5 29. Re2 Ng4 30. Bxg6 h4 31. Bh5 Nf6 32. Bf3 Re8
33. Rxe8+ Nxe8 34. g3 hxg3 35. h4 Kd7 36. Kg2 Ke6 37. Kxg3 Kf5 38. Bg4+ Ke5 39.
h5 Nf6 40. h6 Nh7 41. Kf3 b6 42. Ke3 c5 43. Kd3 Ng5 44. Kc4 a6 45. Bc8 Nf7 46.
h7 Nd6+ 47. Kd3 Nf7 48. Bxa6 Kd6 49. Bc4 Nh8 50. Kc2 {Time forfeit} 1-0